000 00755nas a2200253 4500
001 BR5900233
003 BR-BrBNA
005 20231205082024.0
007 ta
008 230509b bl.|||p| |||| 00| 00por d
040 _aBR-BrBNA
_bpor
_cBiblioteca Nacional de Agricultura
041 _a(Pt)
072 _aL70
100 1 _aMatera, E.A.
100 1 _aStopiglia, A.P.
245 1 _aTratamento cirurgico das fraturas nos pequenos animais
650 _aVETERINARIA
650 _aCIRURGIA
650 _aFRATURA
650 _aOSSO
773 0 _tRevista da Escola de Agronomia e Veterinaria da Universidade do Rio Grande do Sul (Brazil)
_x
_g(Jun 1959), v. 2(2) p. 59-76
_wBR5900233
909 _a202311
_bLúcia
_c55
_dLúcia Elande
942 _2AGRIS
_n0
_cANA
999 _c88614
_d88614